| 000 | 00000nam##2200000za#4500 |
| 001 | 9.644311 |
| 003 | CaOODSP |
| 005 | 20210624224601 |
| 007 | cr ||||||||||| |
| 008 | 150407|2001||||xxc|||||o f|0| 0 fre|d |
| 040 | |aCaOODSP|bfre |
| 043 | |an-cn--- |
| 086 | 1 |aA1-18/2001-1F-PDF |
| 110 | 1 |aCanada. |bAgriculture et agroalimentaire Canada. |bSecrétariat rural. |
| 245 | 10|aCoup d'oeil sur le rapport rural annuel : |h[ressource électronique]|baméliorer la qualité de vie des Canadiens du milieu rural |
| 260 | |aOttawa - Ontario : |bAgriculture et Agroalimentaire Canada. |c2001. |
| 300 | |a4p. |
| 500 | |aPublication historique numérisée par Agriculture et Agroalimentaire Canada. |
| 590 | |a15-03-Supp|b2015-03-13 |
| 775 | 08|tThe rural annual report at a glance |w(CaOODSP)9.700424 |
| 776 | 0#|tThe rural annual report at a glance : |w(CaOODSP)9.664465 |
| 776 | 0#|tCoup d'oeil sur le rapport rural annuel : |w(CaOODSP)9.664466 |
| 856 | 40|ahttp://publications.gc.ca|qPDF|s282 Ko|uhttps://publications.gc.ca/collections/collection_2015/aac-aafc/A1-18-2001-1-fra.pdf |